Anagrammes de prénoms à partir de pays A TERMINER - Statistiques

Statistiques générales
  • Ce quiz a été pris 29 fois
  • Le résultat moyen est 16 sur 427
Statistiques - réponses
Hint Réponse % Correct
Afghanistan 4 F Nina | Anna
70%
Mali 3 H Ali
33%
Allemagne 3 F Léa
30%
Albanie 3 F Léa
26%
Australie 3 F Léa
22%
Algérie 3 F Léa
22%
Bangladesh 3 F Léa
22%
Biélorussie 4 H Elie
19%
France 6 F France
19%
Malte 3 F Léa
19%
Maroc 4 H Marc
19%
Maurice 7 H Maurice
19%
Maurice 4 H Rémi | Marc | Eric
19%
Arabie saoudite 4 F Sara | Rose | Aude
19%
Albanie 5 H Alban | Alain
15%
Albanie 3 H Ali
15%
Afghanistan 5 F Anaïs | Anita
15%
Belgique 4 H Elie
15%
Belize 4 H Elie
15%
Australie 4 F Elsa | Lise | Sara | Lisa
15%
Autriche 4 H Eric
15%
Népal 3 F Léa
15%
Sénégal 3 F Léa
15%
Papouasie-Nouvelle-Guinée 3 F Léa | Eve
15%
Allemagne 4 F Lena
15%
Colombie 3 H Léo
15%
Papouasie-Nouvelle-Guinée 3 H Léo | Ali
15%
République démocratique du Congo 3 H Léo | Luc
15%
Maurice 5 F Marie
15%
Arménie 5 F Marie | Irène
15%
Corée du Nord 3 H Noé
15%
Micronésie 3 H Noé
15%
Monténégro 3 H Noé | Tom
15%
Marshall 4 F Sara
15%
Australie 3 H Ali
11%
Moldavie 3 H Ali | Léo
11%
Albanie 5 F Aline
11%
Andorre 5 H André
11%
Afrique-du-Sud 4 F Aude
11%
Dominique 9 M Dominique
11%
Australie 5 F Elisa | Laure | Laura
11%
Moldavie 3 F Eva | Léa
11%
Algérie 4 H Gaël
11%
Guyana 3 H Guy
11%
Azerbaïdjan 4 H Jean
11%
Ukraine 6 F Karine
11%
Guatemala 3 F Léa
11%
Italie 3 F Léa
11%
Maldives 3 F Léa | Eva
11%
Venezuela 3 F Léa | Eve | Eva
11%
République démocratique du Congo 3 F Léa | Lou
11%
République dominicaine 3 F Léa | Lou
11%
Bangladesh 4 F Lena | Elsa
11%
Bolivie 3 H Léo
11%
Lesotho 3 H Léo
11%
Somalie 3 H Léo | Ali
11%
Mongolie 4 H Léon | Noël
11%
Lettonie 3 H Léo | Noé
11%
Brésil 4 F Lise
11%
Allemagne 4 H Maël | Gaël
11%
Allemagne 6 F Maëlle | Angèle | Gaëlle
11%
Andorre 3 H Noë
11%
Cameroun 3 H Noé
11%
Norvège 3 H Noé
11%
Mongolie 3 H Noé | Léo
11%
Pologne 3 H Noé | Léo
11%
Marshall 5 F Sarah
11%
Bosnie-Herzégovine 3 F Zoé
11%
Albanie 4 H Alan
7%
Angola 4 H Alan
7%
Papouasie-Nouvelle-Guinée 4 H Alan | Noël | Léon | Elie | Paul
7%
Italie 3 H Ali
7%
Liban 3 H Ali
7%
Lituanie 3 H Ali
7%
Malawi 3 H Ali
7%
Maldives 3 H Ali
7%
Indonésie 3 H Noé
7%
République dominicaine 9 M Dominique
7%
Sénégal 4 F Elsa | Lena
7%
Nouvelle-Zélande 3 F Eve | Eva | Léa
7%
Paraguay 3 H Guy
7%
Uruguay 3 H Guy
7%
Bahreïn 5 H Henri
7%
Australie 6 F Laurie
7%
Finlande 3 F Léa
7%
Libéria 3 F Léa
7%
Lituanie 3 F Léa
7%
Somalie 3 F Léa
7%
Thaïlande 3 F Léa
7%
Saint-Vincent-et-les Grenadines 3 F Léa | Eve | Eva
7%
Népal 4 F Léna
7%
Slovaquie 3 H Léo | Ali
7%
Sierra Leone 3 H Léo | Ali | Noé
7%
Lettonie 4 H Léon | Noël | Elie
7%
Liban 4 F Lina
7%
Luxembourg 3 F Lou
7%
Mauritanie 5 F Marie
7%
Arménie 6 F Marine
7%
Mauritanie 6 F Marine
7%
Saint-Marin 6 H Martin
7%
Slovénie 3 H Noé | Léo
7%
République dominicaine 3 H Noé | Luc
7%
Timor oriental 3 H Noé | Tom | Léo | Ali
7%
Philippines 8 H Philippe
7%
Arménie 4 H Rémi | René
7%
Roumanie 6 H Romain
7%
Comores 4 F Rose
7%
Espagne 5 F Agnès
4%
Bulgarie 3 H Ali
4%
Finlande 3 H Ali
4%
Islande 3 H Ali
4%
Israël 3 H Ali
4%
Libéria 3 H Ali
4%
Malaisie 3 H Ali
4%
Saint-Vincent-et-les Grenadines 3 H Ali
4%
Thaïlande 3 H Ali
4%
République démocratique du Congo 5 F Aline | Irène | Laure | Renée | Marie | Odile | Lucie | Adèle | Alice
4%
Tanzanie 5 F Annie
4%
Antigua-et-Barbuda 4 F Aude
4%
Macédoine du Nord 6 F Carmen | Noémie | Carine | Océane | Marine | Marion | Andrée
4%
Saint-Christophe-et-Niévès 10 H Christophe
4%
Macédoine du Nord 5 F Diane | Irène | Marie
4%
Sri Lanka 3 H Ali
4%
Algérie 3 H Eli | Ali
4%
Liechtenstein 4 H Elie
4%
Israël 4 F Elsa | Lisa | Lise
4%
Mozambique 4 F Emma
4%
Ouzbékistan 4 H Enzo
4%
Croatie 4 H Eric
4%
Papouasie-Nouvelle-Guinée 7 F Eugènie | Liliane | Pauline | Solange
4%
Norvège 3 F Eve
4%
Bulgarie 7 H Gabriel
4%
Bangladesh 4 H Gaël | Alan
4%
Hongrie 5 H Henri
4%
Tunisie 4 F Inès
4%
Bosnie-Herzégovine 4 F Inès | Rose
4%
Argentine 5 F Irène | Annie
4%
Jordanie 6 H Jordan | Adrien
4%
Irlande 3 F Léa
4%
Islande 3 F Léa
4%
Israël 3 F Léa
4%
Malaisie 3 F Léa
4%
Sainte-Lucie 3 F Léa
4%
Sierra Leone 3 F Léa
4%
Albanie 4 F Lena
4%
Venezuela 4 F Lena
4%
République démocratique du Congo 4 F Lena | Aude
4%
Nouvelle-Zélande 4 F Lena | Aude | Anne
4%
Lituanie 4 F Lena | Lina
4%
Timor oriental 4 F Lena | Lina
4%
Islande 4 F Lena | Lina | Lise | Lisa | Elsa
4%
Luxembourg 3 H Léo
4%
Guinée Equatoriale 4 H Léon | Elie | Noël | René | Alan
4%
Lettonie 6 F Léonie
4%
Guinée Equatoriale 6 F Léonie | Angèle | Laurie | Régine | Eliane
4%
Papouasie-Nouvelle-Guinée 6 F Léonie | Eloïse | Solène | Olivia | Louise | Angèle | Gaëlle | Eliane | Gisèle
4%
Pologne 4 H Léon | Noël
4%
Biélorussie 4 F Lise | Rose
4%
Slovaquie 3 F Lou | Eva | Eve | Léa
4%
Biélorussie 5 H Louis
4%
Biélorussie 6 F Louise | Eloise
4%
Sainte-Lucie 5 F Lucie | Alice | Elisa | Aline
4%
Maldives 4 H Maël
4%
Malte 4 H Maël
4%
République démocratique du Congo 4 H Marc | Gaël | Rémi | Elie | René | Léon | Noël | Eric | Loïc | René
4%
Birmanie 5 F Marie | Ambre
4%
Birmanie 6 F Marine
4%
Dominique 7 F Monique
4%
Azerbaïdjan 5 F Nadia
4%
Afghanistan 6 H Nathan
4%
Tanzanie 4 F Nina | Anna | Anne
4%
Estonie 3 H Noé
4%
Hongrie 3 H Noé
4%
Jordanie 3 H Noé
4%
Roumanie 3 H Noé
4%
Royaume-Uni 3 H Noé
4%
Saint-Christophe-et-Niévès 3 H Noé
4%
Portugal 4 H Paul
4%
Birmanie 4 H Rémi
4%
Micronésie 4 H Rémi | Eric | René
4%
Argentine 4 H René
4%
Ouzbékistan 6 F Sabine
4%
Salvador 4 F Sara
4%
Micronésie 5 H Simon
4%
Micronésie 6 F Simone
4%
Lesotho 4 H Théo
4%
Côte d'Ivoire 8 F Victoire
4%
Côte d'Ivoire 6 H Victor
4%
Mozambique 3 F Zoé
4%
République dominicaine 4 H Abel | Paul | Maël | Léon | Noël
0%
Danemark 4 H Adam
0%
Nouvelle-Zélande 5 F Adèle
0%
Azerbaïdjan 6 H Adrien
0%
Irlande 6 H Adrien | Daniel
0%
Bangladesh 5 F Agnès
0%
Guinée Bissau 5 F Agnès
0%
Sénégal 5 F Agnès
0%
Guinée Equatoriale 5 H Alain
0%
Papouasie-Nouvelle-Guinée 5 H Alain
0%
Sri Lanka 5 H Alain
0%
Thaïlande 5 H Alain
0%
Sri Lanka 4 H Alan
0%
Thaïlande 4 H Alan
0%
Lituanie 5 F Aline
0%
Pakistan 5 F Anaïs
0%
Saint-Marin 5 F Anaïs
0%
Sri Lanka 5 F Anaïs
0%
Tadjikistan 5 F Anaïs | Nadia | Katia
0%
Antigua-et-Barbuda 5 H André
0%
Azerbaïdjan 5 H André
0%
Danemark 5 H André
0%
Grenade 5 H André
0%
Irlande 5 H André
0%
Macédoine du Nord 5 H André
0%
Azerbaïdjan 6 F Andrea
0%
Danemark 6 F Andrea
0%
République démocratique du Congo 5 H André | Robin | Brice | Bruno | Emile
0%
Sénégal 6 H Angèle
0%
Guinée Equatoriale 9 F Angélique
0%
Vatican 5 F Anita
0%
Argentine 4 F Anne
0%
Saint-Vincent-et-les Grenadines 4 F Anne | Inès
0%
Turkménistan 4 F Anne | Inès
0%
Saint-Christophe-et-Niévès 10 F Anne-Sophie | Antoinette | Christiane
0%
Turkménistan 5 F Annie | Marie
0%
Danemark 6 H Armand
0%
Guinée Equatoriale 8 H Aurélien
0%
République dominicaine 8 H Aurélien
0%
Émirats arabes unis 7 H Bastien
0%
Ouzbékistan 7 H Bastien
0%
Ouzbékistan 6 H Benoit
0%
Trinité-et-Tobago 5 H Benoit | Robin
0%
République démocratique du Congo 8 H Bertrand | Aurélien
0%
Trinité-et-Tobago 8 F Brigitte
0%
République démocratique du Congo 8 F Caroline | Laurence | Clémence | Claudine | Gilberte | Béatrice
0%
Sainte-Lucie 6 F Céline | Eliane
0%
Liechtenstein 6 F Céline | Hélène
0%
République dominicaine 6 F Céline | Nicole
0%
Saint-Christophe-et-Niévès 9 H Christian
0%
Saint-Christophe-et-Niévès 9 F Christine | Catherine | Stéphanie | Henriette
0%
République dominicaine 6 M Claude
0%
Saint-Christophe-et-Niévès 8 H Corentin | Stéphane
0%
Macédoine du Nord 7 F Corinne
0%
Saint-Christophe-et-Niévès 7 F Corinne | Thérèse
0%
Finlande 6 H Daniel
0%
Islande 6 H Daniel
0%
Thaïlande 6 H Daniel
0%
République dominicaine 7 F Danièle | Marlène | Corinne | Pauline | Aurélie | Monique | Mélanie | Adeline
0%
Indonésie 5 H Denis
0%
Islande 5 H Denis
0%
Indonésie 6 F Denise
0%
Azerbaïdjan 4 F Jade
0%
République dominicaine 4 F Line | Anne
0%
Centrafrique 4 H René | Eric
0%
Micronésie 4 F Rose | Inès
0%
République démocratique du Congo 9 H Dominique
0%
Macédoine du Nord 6 H Dorian | Damien | Adrien | Renaud | Edmond
0%
Thaïlande 5 F Edith | Diane | Linda | Aline
0%
Macédoine du Nord 3 H Edmond | Renaud | Noé
0%
Irlande 3 H Eli
0%
Sierra Leone 6 F Eliane | Eloise
0%
Sainte-Lucie 4 H Elie
0%
Sierra Leone 4 H Elie | René | Noël | Léon
0%
Israël 5 F Elisa
0%
Malaisie 5 F Elisa
0%
Slovaquie 5 F Elisa
0%
Somalie 5 F Elisa
0%
Papouasie-Nouvelle-Guinée 5 F Elisa | Elise | Sonia | Agnès
0%
Islande 5 F Elisa | Linda | Aline
0%
Biélorussie 5 F Elise
0%
Slovénie 5 F Elise
0%
Slovénie 6 F Eloise | Leonie
0%
Slovaquie 4 F Elsa | Lise
0%
Maldives 4 F Elsa | Lise | Lisa
0%
République dominicaine 5 H Emile
0%
Côte d'Ivoire 4 H Eric
0%
Liechtenstein 7 H Etienne
0%
Saint-Vincent-et-les Grenadines 7 H Etienne
0%
Saint-Christophe-et-Niévès 7 H Etienne | Tristan | Patrice | Antoine | Vincent
0%
Papouasie-Nouvelle-Guinée 6 H Eugène | Lionel | Lilian
0%
Guinée Equatoriale 7 F Eugénie
0%
Viêtnam 3 F Eva
0%
Venezuela 4 H Evan
0%
Viêtnam 4 H Evan
0%
Saint-Vincent-et-les Grenadines 4 H Evan | Eric
0%
Saint-Christophe-et-Niévès 4 H Evan | Théo
0%
Côte d'Ivoire 3 F Eve
0%
Saint-Christophe-et-Niévès 3 F Eve
0%
Centrafrique 6 F France | Carine
0%
Guinée Bissau 5 H Gabin
0%
Bulgarie 4 H Gaël
0%
Sénégal 4 H Gaël
0%
Antigua-et-Barbuda 6 H Gaëtan | Arnaud | Renaud | Adrien
0%
Guinée Equatoriale 6 H Gaétan | Eugène
0%
République démocratique du Congo 7 H Gautier | Edouard | Clément | Gilbert | Romuald | Patrice | Maurice | Albert
0%
Trinité-et-Tobago 7 F Ginette
0%
Saint-Vincent-et-les Grenadines 7 F Ginette | Adeline | Daniele | Arlette | Valérie | Annette
0%
Estonie 4 F Inès
0%
Eswatini 4 F Inès
0%
Etats-Unis 4 F Inès
0%
Guinée Bissau 4 F Inès
0%
Indonésie 4 F Inès
0%
Ouzbékistan 4 F Inès
0%
Suriname 4 F Inès
0%
Saint-Christophe-et-Niévès 4 F inès | Anne | Rose
0%
Sainte-Lucie 4 F Inès | Elsa | Lena | Lina | Lisa
0%
Sao Tomé-et-Principe 4 F Inès | Rose
0%
Centrafrique 5 F Irène
0%
Micronésie 5 F Irène
0%
Trinité-et-Tobago 5 F Irène
0%
Saint-Vincent-et-les Grenadines 5 F Irène | Agnès | Renée | Annie | Diane
0%
Sierra Leone 5 F Irène | Elise | Aline | Renée
0%
Guinée Equatoriale 5 F Irène | Laure | Aline | Renée
0%
Émirats arabes unis 5 F Irène | Marie
0%
Sao Tomé-et-Principe 5 F Irène | Marie
0%
Bosnie-Herzégovine 5 F Irène | Renée
0%
Saint-Christophe-et-Niévès 5 F Irène | Sonia | Renée
0%
Jordanie 4 F Jade
0%
Jordanie 4 H Jean
0%
République dominicaine 8 F Laurence | Caroline | Claudine | Lucienne
0%
Guinée Equatoriale 7 H Laurent
0%
Thaïlande 4 F Lena | Lina
0%
Nouvelle-Zélande 4 H Léon | Enzo | Noël
0%
Slovénie 4 H Léon | Noël | Elie
0%
Timor oriental 4 H Léon | Noël | Maël | Rémi
0%
Irlande 4 F Lina | Lena
0%
Sierra Leone 4 F Lina | Lise | Elsa | Lisa | Inès | Rose | Line
0%
Finlande 4 F Lina | Nina | Anne
0%
Irlande 5 F Linda | Aline
0%
Finlande 5 F Linda | Aline | Annie
0%
Malaisie 4 F Lisa | Elsa
0%
Somalie 4 F Lise | Elsa
0%
Liechtenstein 4 F Lise | Inès
0%
Philippines 4 F Lise | Inès | Line
0%
Slovénie 4 F Lise | Inès | Line
0%
Papouasie-Nouvelle-Guinée 4 F Lise | Line | Inès
0%
Colombie 4 H Loïc
0%
Biélorussie 3 F Lou
0%
Portugal 3 F Lou
0%
Slovaquie 5 H Louis
0%
Slovaquie 6 F Louise
0%
Sainte-Lucie 3 H Luc
0%
Sainte-Lucie 5 H Lucas
0%
République dominicaine 6 H Lucien | Renaud
0%
République dominicaine 9 F Madeleine
0%
République démocratique du Congo 9 F Madeleine | Angélique | Bénédicte | Géraldine | Germaine
0%
Malaisie 4 H Maël
0%
Moldavie 4 H Maël
0%
Guatemala 4 H Maël | Gaël
0%
Cameroun 4 H Marc
0%
Madagascar 4 H Marc
0%
République démocratique du Congo 10 F Marguerite
0%
Roumanie 5 F Marie
0%
Royaume-Uni 5 F Marie
0%
Suriname 5 F Marie
0%
Timor oriental 5 F Marie
0%
République dominicaine 5 F Marie | Lucie | Odile | Renée | Irène
0%
Suriname 6 F Marine
0%
Turkménistan 6 F Marine | Karine
0%
Roumanie 6 F Marine | Marion
0%
Royaume-Uni 6 F Marine | Marion
0%
Émirats arabes unis 6 F Marine | Sabine
0%
Suriname 6 H Marius
0%
Mauritanie 6 H Martin
0%
Mauritanie 7 F Martine
0%
Timor oriental 7 F Martine
0%
Turkménistan 7 F Martine
0%
Émirats arabes unis 7 F Martine | Sabrina
0%
Émirats arabes unis 6 H Martin | Marius
0%
Turkménistan 6 H Martin | Marius
0%
Timor oriental 6 H Martin | Romain
0%
République dominicaine 7 H Maurice
0%
République démocratique du Congo 7 F Monique | Martine | Claudie | Coralie
0%
Grenade 6 F Nadège | Andrée
0%
Antigua-et-Barbuda 5 F Nadia
0%
Finlande 6 F Nadine
0%
Thaïlande 8 F Nathalie
0%
Saint-Marin 4 F Nina | Anna | Sara
0%
Dominique 3 H Noé
0%
Nouvelle-Zélande 6 F Noëlle
0%
Sao Tomé-et-Principe 6 F Noémie | Carine | Océane
0%
Saint-Christophe-et-Niévès 6 F Océane | Sophie
0%
Moldavie 5 F Odile
0%
Sao Tomé-et-Principe 7 H Patrice
0%
Bosnie-Herzégovine 6 F Régine
0%
Trinité-et-Tobago 6 F Régine
0%
Saint-Vincent-et-les Grenadines 6 F Régine | Nadine | Denise | Nadège | Ingrid | Carine | Andrée
0%
Mauritanie 4 H Rémi
0%
Roumanie 4 H Rémi
0%
Macédoine du Nord 4 H Rémi | Marc | René | Eric
0%
Royaume-Uni 4 H Rémi | Rémy
0%
Turkménistan 4 H Rémi | Sami
0%
République démocratique du Congo 6 H Renaud | Adrien | Cedric | Romain | Edmond | Damien | Lucien | Claude | Robert | Pierre | Daniel
0%
Corée du Nord 4 H René
0%
Grenade 4 H René
0%
Monténégro 4 H René
0%
Norvège 4 H René
0%
Trinité-et-Tobago 4 H René
0%
Burkina Faso 5 H Robin | Bruno
0%
Royaume-Uni 7 H Romain
0%
Cameroun 6 F Romane | Carmen
0%
République démocratique du Congo 6 F Romane | Carmen | Régine | Andréa | Marine | Noémie | Carine | Océane | Nadège | Andrée | Muriel | Aurore | Carole | Elodie | Emilie | Léonie | Nicole
0%
Timor oriental 6 F Romane | Marine | Marion
0%
Timor oriental 5 H Roméo
0%
Corée du Sud 4 F Rose
0%
Guinée Bissau 6 F Sabine
0%
Burkina Faso 7 F Sabrina
0%
Saint-Marin 4 H Sami
0%
Sao Tomé-et-Principe 4 H Sami | Eric
0%
Somalie 4 H Sami | Maël
0%
Suriname 4 H Sami | Rémi
0%
Sri Lanka 4 F Sara | Lisa | Lina
0%
Émirats arabes unis 9 H Sébastien
0%
Saint-Vincent-et-les Grenadines 5 H Serge | Steve | Denis | André | Regis
0%
Bosnie-Herzégovine 8 F Séverine
0%
Saint-Vincent-et-les Grenadines 8 F Séverine | Sandrine | Clarisse
0%
Sao Tomé-et-Principe 5 H Simon
0%
Ouzbékistan 5 F Sonia
0%
Saint-Christophe-et-Niévès 6 H Steven
0%
Saint-Vincent-et-les Grenadines 6 H Steven | Gérald | Adrien | Daniel | Tristan
0%
Éthiopie 4 H Théo
0%
Turkménistan 7 H Tristan
0%
Sao Tomé-et-Principe 6 H Tristan | Martin | Romain
0%
Saint-Vincent-et-les Grenadines 8 H Valentin | Célestin
0%
Saint-Vincent-et-les Grenadines 9 F Valentine | Géraldine
0%
Saint-Christophe-et-Niévès 8 F Victoria | Séverine | Victoire
0%
Saint-Christophe-et-Niévès 5 H Victor | Steve | Henri
0%
Aucun quiz correspondant
Distribution des résultats
% des personnes avec chaque résultat
Percentile par nombre de réponses
Votre historique - résultats
Vous n’avez pas pris ce quiz